000 00573nam a2200193 i 4500
001 bg
100 1 _aFELLMANN, Jerzy
245 0 _aSiedmiocyfrowe tablice funkcji trygonometrycznych dla podziału koła na 400g /
_cJerzy Fellmann.
250 _aWyd. 4.
260 _aWarszawa :
_bPaństwowe Przedsięb. Wydawn. Kartogr.,
_c1975.
300 _a197 s.
650 9 _aTrygonometria
_xstosowanie
_xgeodezja
655 _aTablice i wzory
040 _cBPK
041 _apol
080 _a514.116:528.3/.4](075.8)
942 _cKS
008 s pl f |000 0 pol
999 _c7742
_d7742
856 _uhttp://koha.tu.koszalin.pl/cgi-bin/koha/opac-detail.pl?biblionumber=7742
_yKatalog online BPK